Statistics for Australians in the NBA

Click here to take the quiz!

General Stats

  • This quiz has been taken 21 times
  • The average score is 5 of 10

Answer Stats

HintAnswer% Correct
76ersBen Simmons
83%
SpursPatty Mills
78%
BucksMatthew Dellavedova
72%
LakersAndrew Bogut
61%
CelticsAron Baynes
56%
JazzDante Exum
56%
JazzJoe Ingles
56%
BucksThon Maker
39%
76ersJonah Bolden
17%
HornetsMangok Mathiang
17%

Score Distribution

Percentile by Number Answered

Percent of People with Each Score

Your Score History

You have not taken this quiz